000
00421nam a2200157Ia 4500
008
100122s9999 xx 000 0 und d
082
_b
28588
_a
823
100
_a
मंत्री रमेश
245
_a
महानगर
250
_a
2
260
_b
मॅजेस्टिक प्रकाशन
_c
1905
300
_a
261
630
_a
महानगर
730
_a
महानगर
942
_c
BOOK
999
_c
414189
_d
414186